Memoria del Encuentro Intercooperativo "Análisis de la Actividad Arrocera 1983"

Kaydedildi:
Detaylı Bibliyografya
Müşterek Yazar: Proyecto FORGE (Francia-CEE-IICA)
Materyal Türü: Metin
Baskı/Yayın Bilgisi: Guanacaste :
Etiketler: Etiketle
Etiket eklenmemiş, İlk siz ekleyin!

MARC

LEADER 00000 a a2200000 04500
001 14559
003
040
090 |a 014300  
110 |a Proyecto FORGE (Francia-CEE-IICA)  
245 |a Memoria del Encuentro Intercooperativo "Análisis de la Actividad Arrocera 1983"  
260 |a Guanacaste :  
300 |a 77 p  
999 |c 5881  |d 5881